浜松市の町字 - Statistics

General Stats
  • This quiz has been taken 10 times
  • The average score is 42 of 430
Answer Stats
再編前の区 町字 丁目 % Correct
天竜区 天竜区 二俣町二俣
57%
中央区 中区 中央 一〜四
43%
中央区 西区 雄踏 一〜二
43%
中央区 西区 舞阪町舞阪
43%
中央区 西区 舞阪町弁天島
43%
天竜区 天竜区 二俣町鹿島
43%
中央区 中区 利町
29%
中央区 中区 田町
29%
中央区 中区 尾張町
29%
中央区 中区 元目町
29%
中央区 中区 北田町
29%
中央区 中区 大工町
29%
中央区 中区 栄町
29%
中央区 中区 鹿谷町
29%
中央区 中区 高町
29%
中央区 中区 文丘町
29%
中央区 中区 山下町
29%
中央区 中区 下池川町
29%
中央区 中区 早馬町
29%
中央区 中区 成子町
29%
中央区 中区 佐鳴台 一〜六
29%
中央区 中区 和合町
29%
中央区 中区 新津町
29%
中央区 中区 茄子町
29%
中央区 中区 助信町
29%
中央区 中区 曳馬 一〜六
29%
中央区 中区 十軒町
29%
中央区 中区 早出町
29%
中央区 中区 木戸町
29%
中央区 中区 天神町
29%
中央区 中区 春日町
29%
中央区 中区 花川町
29%
中央区 東区 中郡町
29%
中央区 東区 市野町
29%
中央区 東区 中田町
29%
中央区 東区 流通元町
29%
中央区 東区 笠井町
29%
中央区 東区 笠井上町
29%
中央区 東区 豊町
29%
中央区 東区 白鳥町
29%
中央区 東区 薬師町
29%
中央区 東区 安間町
29%
中央区 東区 材木町
29%
中央区 東区 長鶴町
29%
中央区 東区 将監町
29%
中央区 東区 丸塚町
29%
中央区 西区 平松町
29%
中央区 西区 呉松町
29%
中央区 西区 舘山寺町
29%
中央区 西区 大人見町
29%
中央区 西区 神原町
29%
中央区 西区 雄踏町山崎
29%
中央区 西区 志都呂 一〜二
29%
中央区 南区 東町
29%
中央区 北区 初生町
29%
浜名区 北区 細江町気賀
29%
浜名区 浜北区 小松
29%
浜名区 浜北区 染地台 一〜六
29%
浜名区 浜北区 八幡
29%
天竜区 天竜区
29%
中央区 中区 紺屋町
14%
中央区 中区 松城町
14%
中央区 中区 元城町
14%
中央区 中区 神明町
14%
中央区 中区 連尺町
14%
中央区 中区 肴町
14%
中央区 中区 池町
14%
中央区 中区 旭町
14%
中央区 中区 鍛冶町
14%
中央区 中区 千歳町
14%
中央区 中区 伝馬町
14%
中央区 中区 西伊場町
14%
中央区 中区 南伊場町
14%
中央区 中区 鴨江 一〜四
14%
中央区 中区 中山町
14%
中央区 中区 三組町
14%
中央区 中区 広沢 一〜三
14%
中央区 中区 城北 一〜三
14%
中央区 中区 布橋 一〜三
14%
中央区 中区 蜆塚 一〜四
14%
中央区 中区 山手町
14%
中央区 中区 中沢町
14%
中央区 中区 元浜町
14%
中央区 中区 野口町
14%
中央区 中区 八幡町
14%
中央区 中区 船越町
14%
中央区 中区 常盤町
14%
中央区 中区 東田町
14%
中央区 中区 板屋町
14%
中央区 中区 砂山町
14%
中央区 中区 寺島町
14%
中央区 中区 竜禅寺町
14%
中央区 中区 北寺島町
14%
中央区 中区 元魚町
14%
中央区 中区 旅籠町
14%
中央区 中区 平田町
14%
中央区 中区 塩町
14%
中央区 中区 菅原町
14%
中央区 中区 東伊場 一〜二
14%
中央区 中区 富塚町
14%
中央区 中区 住吉 一〜五
14%
中央区 中区 一〜五
14%
中央区 中区 萩丘 一〜五
14%
中央区 中区 小豆餅 一〜四
14%
中央区 中区 葵西 一〜六
14%
中央区 中区 葵東 一〜三
14%
中央区 中区 高丘町
14%
中央区 中区 高丘北 一〜四
14%
中央区 中区 一〜四
14%
中央区 中区 高林 一〜五
14%
中央区 中区 曳馬町
14%
中央区 中区 細島町
14%
中央区 中区 上島 一〜七
14%
中央区 中区 相生町
14%
中央区 中区 佐藤 一〜三
14%
中央区 中区 富吉町
14%
中央区 中区 向宿 一〜三
14%
中央区 中区 名塚町
14%
中央区 中区 領家 一〜三
14%
中央区 中区 中島町
14%
中央区 中区 中島 一〜四
14%
中央区 中区 海老塚 一〜二
14%
中央区 中区 上浅田 一〜二
14%
中央区 中区 浅田町
14%
中央区 中区 神田町
14%
中央区 中区 瓜内町
14%
中央区 中区 法枝町
14%
中央区 中区 西丘町
14%
中央区 東区 積志町
14%
中央区 東区 大瀬町
14%
中央区 東区 大島町
14%
中央区 東区 有玉南町
14%
中央区 東区 有玉北町
14%
中央区 東区 半田山 一〜六
14%
中央区 東区 上石田町
14%
中央区 東区 小池町
14%
中央区 東区 原島町
14%
中央区 東区 天王町
14%
中央区 東区 下石田町
14%
中央区 東区 笠井新田町
14%
中央区 東区 豊西町
14%
中央区 東区 常光町
14%
中央区 東区 貴平町
14%
中央区 東区 恒武町
14%
中央区 東区 松小池町
14%
中央区 東区 国吉町
14%
中央区 東区 中野町
14%
中央区 東区 和田町
14%
中央区 東区 天龍川町
14%
中央区 東区 篠ケ瀬町
14%
中央区 東区 北島町
14%
中央区 東区 安新町
14%
中央区 東区 龍光町
14%
中央区 東区 薬新町
14%
中央区 東区 子安町
14%
中央区 東区 大蒲町
14%
中央区 東区 上西町
14%
中央区 西区 入野町
14%
中央区 西区 西鴨江町
14%
中央区 西区 志都呂町
14%
中央区 西区 篠原町
14%
中央区 西区 坪井町
14%
中央区 西区 馬郡町
14%
中央区 西区 深萩町
14%
中央区 西区 庄内町
14%
中央区 西区 協和町
14%
中央区 西区 庄和町
14%
中央区 西区 村櫛町
14%
中央区 西区 和地町
14%
中央区 西区 大山町
14%
中央区 西区 湖東町
14%
中央区 西区 和光町
14%
中央区 西区 桜台 一〜六
14%
中央区 西区 伊左地町
14%
中央区 西区 佐浜町
14%
中央区 西区 古人見町
14%
中央区 西区 大久保町
14%
中央区 西区 雄踏町宇布見
14%
中央区 西区 舞阪町長十新田
14%
中央区 西区 舞阪町浜田
14%
中央区 西区 西都台町
14%
中央区 南区 中田島町
14%
中央区 南区 白羽町
14%
中央区 南区 瓜内町
14%
中央区 南区 新橋町
14%
中央区 南区 小沢渡町
14%
中央区 南区 倉松町
14%
中央区 南区 米津町
14%
中央区 南区 田尻町
14%
中央区 南区 法枝町
14%
中央区 南区 飯田町
14%
中央区 南区 新貝町
14%
中央区 南区 芳川町
14%
中央区 南区 本郷町
14%
中央区 南区 頭陀寺町
14%
中央区 南区 参野町
14%
中央区 南区 古川町
14%
中央区 南区 西町
14%
中央区 南区 河輪町
14%
中央区 南区 西島町
14%
中央区 南区 松島町
14%
中央区 南区 江之島町
14%
中央区 南区 福島町
14%
中央区 南区 遠州浜 一〜四
14%
中央区 南区 高塚町
14%
中央区 南区 東若林町
14%
中央区 南区 若林町
14%
中央区 北区 東三方町
14%
中央区 北区 大原町
14%
浜名区 北区 都田町
14%
浜名区 北区 新都田 一〜五
14%
浜名区 北区 細江町中川
14%
浜名区 北区 三ヶ日町都筑
14%
浜名区 北区 三ヶ日町三ヶ日
14%
浜名区 浜北区 内野
14%
浜名区 浜北区 内野台 一〜四
14%
浜名区 浜北区 寺島
14%
浜名区 浜北区 貴布祢
14%
浜名区 浜北区 小林
14%
浜名区 浜北区 上島
14%
浜名区 浜北区 中瀬
14%
浜名区 浜北区 大平
14%
天竜区 天竜区 船明
14%
天竜区 天竜区 横山町
14%
天竜区 天竜区 佐久
14%
天竜区 天竜区
14%
天竜区 天竜区 佐久間町浦川
14%
天竜区 天竜区 佐久間町佐久間
14%
天竜区 天竜区 春野町領家
14%
中央区 再編前の区 町字 丁目
0%
中央区 中区 鴨江町
0%
中央区 中区 和地山 一〜三
0%
中央区 中区 高丘東 一〜五
0%
中央区 中区 高丘西 一〜四
0%
中央区 中区 泉町
0%
中央区 中区 和合北 一〜四
0%
中央区 中区 海老塚町
0%
中央区 中区 西浅田 一〜二
0%
中央区 中区 南浅田 一〜二
0%
中央区 中区 森田町
0%
中央区 東区 西ヶ崎町
0%
中央区 東区 有玉西町
0%
中央区 東区 有玉台 一〜四
0%
中央区 東区 半田町
0%
中央区 東区 中里町
0%
中央区 東区 神立町
0%
中央区 東区 植松町
0%
中央区 東区 宮竹町
0%
中央区 東区 西塚町
0%
中央区 東区 上新屋町
0%
中央区 西区 大平台 一〜四
0%
中央区 西区 白洲町
0%
中央区 西区 西山町
0%
中央区 西区 神ケ谷町
0%
中央区 南区 三島町
0%
中央区 南区 寺脇町
0%
中央区 南区 福塚町
0%
中央区 南区 楊子町
0%
中央区 南区 堤町
0%
中央区 南区 卸本町
0%
中央区 南区 渡瀬町
0%
中央区 南区 三和町
0%
中央区 南区 下飯田町
0%
中央区 南区 鶴見町
0%
中央区 南区 大塚町
0%
中央区 南区 青屋町
0%
中央区 南区 石原町
0%
中央区 南区 安松町
0%
中央区 南区 都盛町
0%
中央区 南区 恩地町
0%
中央区 南区 大柳町
0%
中央区 南区 鼡野町
0%
中央区 南区 御給町
0%
中央区 南区 下江町
0%
中央区 南区 四本松町
0%
中央区 南区 立野町
0%
中央区 南区 金折町
0%
中央区 南区 老間町
0%
中央区 南区 西伝寺町
0%
中央区 南区 三新町
0%
中央区 南区 長田町
0%
中央区 南区 富屋町
0%
中央区 南区 増楽町
0%
中央区 北区 根洗町
0%
中央区 北区 三方原町
0%
中央区 北区 豊岡町
0%
中央区 北区 三幸町
0%
浜名区 再編前の区 町字 丁目
0%
浜名区 北区 滝沢町
0%
浜名区 北区 鷲沢町
0%
浜名区 北区 神宮寺町
0%
浜名区 北区 細江町小野
0%
浜名区 北区 細江町広岡
0%
浜名区 北区 細江町三和
0%
浜名区 北区 引佐町井伊谷
0%
浜名区 北区 引佐町伊平
0%
浜名区 北区 引佐町奥山
0%
浜名区 北区 引佐町金指
0%
浜名区 北区 引佐町狩宿
0%
浜名区 北区 引佐町川名
0%
浜名区 北区 引佐町黒淵
0%
浜名区 北区 引佐町渋川
0%
浜名区 北区 引佐町四方浄
0%
浜名区 北区 引佐町白岩
0%
浜名区 北区 引佐町田沢
0%
浜名区 北区 引佐町田畑
0%
浜名区 北区 引佐町栃窪
0%
浜名区 北区 引佐町兎荷
0%
浜名区 北区 引佐町西久留米木
0%
浜名区 北区 引佐町西黒田
0%
浜名区 北区 引佐町花平
0%
浜名区 北区 引佐町東久留米木
0%
浜名区 北区 引佐町東黒田
0%
浜名区 北区 引佐町別所
0%
浜名区 北区 引佐町的場
0%
浜名区 北区 引佐町三岳
0%
浜名区 北区 引佐町谷沢
0%
浜名区 北区 引佐町横尾
0%
浜名区 北区 三ヶ日町宇志
0%
浜名区 北区 三ヶ日町大崎
0%
浜名区 北区 三ヶ日町大谷
0%
浜名区 北区 三ヶ日町岡本
0%
浜名区 北区 三ヶ日町上尾奈
0%
浜名区 北区 三ヶ日町駒場
0%
浜名区 北区 三ヶ日町佐久米
0%
浜名区 北区 三ヶ日町下尾奈
0%
浜名区 北区 三ヶ日町只木
0%
浜名区 北区 三ヶ日町津々崎
0%
浜名区 北区 三ヶ日町釣
0%
浜名区 北区 三ヶ日町鵺代
0%
浜名区 北区 三ヶ日町日比沢
0%
浜名区 北区 三ヶ日町平山
0%
浜名区 北区 三ヶ日町福長
0%
浜名区 北区 三ヶ日町本坂
0%
浜名区 北区 三ヶ日町摩訶耶
0%
浜名区 浜北区 平口
0%
浜名区 浜北区 中条
0%
浜名区 浜北区 横須賀
0%
浜名区 浜北区 高畑
0%
浜名区 浜北区 西美薗
0%
浜名区 浜北区 東美薗
0%
浜名区 浜北区 油一色
0%
浜名区 浜北区 本沢合
0%
浜名区 浜北区 道本
0%
浜名区 浜北区
0%
浜名区 浜北区 善地
0%
浜名区 浜北区 高薗
0%
浜名区 浜北区 竜南
0%
浜名区 浜北区 新野
0%
浜名区 浜北区 新堀
0%
浜名区 浜北区 永島
0%
浜名区 浜北区 上善地
0%
浜名区 浜北区 豊保
0%
浜名区 浜北区 於呂
0%
浜名区 浜北区 根堅
0%
浜名区 浜北区 尾野
0%
浜名区 浜北区 宮口
0%
浜名区 浜北区 新原
0%
浜名区 浜北区 堀谷
0%
浜名区 浜北区 灰木
0%
浜名区 浜北区 四大地
0%
浜名区 浜北区 三大地
0%
浜名区 浜北区 西中瀬 一〜三
0%
天竜区 再編前の区 町字 丁目
0%
天竜区 天竜区 二俣町大園
0%
天竜区 天竜区 二俣町阿蔵
0%
天竜区 天竜区 二俣町南鹿島
0%
天竜区 天竜区 山東
0%
天竜区 天竜区 次郎八新田
0%
天竜区 天竜区 大谷
0%
天竜区 天竜区 只来
0%
天竜区 天竜区 横川
0%
天竜区 天竜区 小川
0%
天竜区 天竜区 相津
0%
天竜区 天竜区 伊砂
0%
天竜区 天竜区 大川
0%
天竜区 天竜区 谷山
0%
天竜区 天竜区 西雲名
0%
天竜区 天竜区 東雲名
0%
天竜区 天竜区 神沢
0%
天竜区 天竜区 大栗安
0%
天竜区 天竜区 西藤平
0%
天竜区 天竜区 阿寺
0%
天竜区 天竜区 芦窪
0%
天竜区 天竜区 長沢
0%
天竜区 天竜区 懐山
0%
天竜区 天竜区 石神
0%
天竜区 天竜区 上野
0%
天竜区 天竜区 両島
0%
天竜区 天竜区 青谷
0%
天竜区 天竜区 渡ケ島
0%
天竜区 天竜区 米沢
0%
天竜区 天竜区 日明
0%
天竜区 天竜区 緑恵台
0%
天竜区 天竜区 佐久間町川合
0%
天竜区 天竜区 佐久間町半場
0%
天竜区 天竜区 佐久間町中部
0%
天竜区 天竜区 佐久間町奥領家
0%
天竜区 天竜区 佐久間町相月
0%
天竜区 天竜区 佐久間町戸口
0%
天竜区 天竜区 佐久間町上平山
0%
天竜区 天竜区 佐久間町大井
0%
天竜区 天竜区 春野町堀之内
0%
天竜区 天竜区 春野町胡桃平
0%
天竜区 天竜区 春野町和泉平
0%
天竜区 天竜区 春野町砂川
0%
天竜区 天竜区 春野町大時
0%
天竜区 天竜区 春野町長蔵寺
0%
天竜区 天竜区 春野町石打松下
0%
天竜区 天竜区 春野町田黒
0%
天竜区 天竜区 春野町筏戸大上
0%
天竜区 天竜区 春野町五和
0%
天竜区 天竜区 春野町越木平
0%
天竜区 天竜区 春野町田河内
0%
天竜区 天竜区 春野町花島
0%
天竜区 天竜区 春野町杉
0%
天竜区 天竜区 春野町川上
0%
天竜区 天竜区 春野町宮川
0%
天竜区 天竜区 春野町気田
0%
天竜区 天竜区 春野町豊岡
0%
天竜区 天竜区 春野町石切
0%
天竜区 天竜区 春野町小俣京丸
0%
天竜区 天竜区 春野町牧野
0%
天竜区 天竜区 水窪町奥領家
0%
天竜区 天竜区 水窪町地頭方
0%
天竜区 天竜区 水窪町山住
0%
天竜区 天竜区 龍山町大嶺
0%
天竜区 天竜区 龍山町戸倉
0%
天竜区 天竜区 龍山町下平山
0%
天竜区 天竜区 龍山町瀬尻
0%
No matching quizzes found
Score Distribution
Percent of People with Each Score
Percentile by Number Answered
Your Score History
You have not taken this quiz